Geography by Pictures (Medium-Hard) - V - Statistics

General Stats
  • This quiz has been taken 70 times
  • The average score is 7 of 14
Answer Stats
Picture Hint Answer % Correct
Pacific Island Nation Vanuatu
87%
Lake in Africa Lake Victoria
85%
Landmark in France Palace of Versailles
84%
City in Russia Vladivostok
70%
Canadian Island Vancouver Island
69%
City in Spain Valladolid
45%
City in India Varanasi
43%
Landmark in Egypt Valley of the Kings
36%
River in Europe Vistula River
36%
State of Italy Veneto
28%
Oblast of Russia Voronezh
25%
Mountain in Antarctica Vinson Massif
24%
Autonomous Province of Serbia Vojvodina
24%
Canton of Switzerland Valais
16%
No matching quizzes found
Score Distribution
Percent of People with Each Score
Percentile by Number Answered
Your Score History
You have not taken this quiz